| 000 | 01200nam a2200289 i 4500 | ||
|---|---|---|---|
| 001 | 21586 | ||
| 003 | ES-MaACL | ||
| 005 | 20250825062641.0 | ||
| 007 | t| | ||
| 008 | 021126s1866 gw a |||| | ger d | ||
| 040 | _cES-MaACL | ||
| 245 | 0 | 0 |
_aAlbum deutscher lyrik : _blieder und romanzen / _cmit illustrationen von Emil Götze, Paul Thumann, W. Georgy U.A. und titelbild von C. Scheuren. |
| 260 |
_aLeipzig : _bC.F. Amelango Verlan, _c1866. |
||
| 300 |
_aXVIII, 248 páginas : _bilustraciones (blanco y negro y color) ; _c24 cm. |
||
| 501 | _aCon poesías de los maestros de la lírica alemana: Goethe, Schiller, Heine, etc. | ||
| 530 | _aDisponible en formato digital | ||
| 650 | 0 | 4 |
_aPoesías alemanas _916202 |
| 655 | 7 |
_aLibros ilustrados _2tgfbne _9193653 |
|
| 700 | 1 |
_9236672 _aGötze, Emil _eill |
|
| 700 | 1 |
_9146807 _aThumann, Paul _eill |
|
| 700 | 1 |
_9236673 _aScheuren, Caspar, _d1810-1887 _eill |
|
| 852 |
_aES-MaACL _cSPAL _jC-2614 |
||
| 856 |
_uhttps://bvpb.mcu.es/es/consulta/registro.do?id=577726 _yVersión en línea _z(Biblioteca Virtual del Patrimonio Bibliográfico) |
||
| 942 |
_cMONOGRAFIA _n0 |
||
| 999 |
_c21586 _d21586 |
||